LEADER 01578nam a2200289 4500 001 000000340986 003 CaOOAMICUS 005 20200708135344.0 008 200708s1645 it 000 u ita r 026 $an-zo uses limo peac (3) 1645 (A) 040 $aSeMil$bita 100 11$aBorromeo, Carlo,$c.$0(OLS)http://semarc/name/3012 245 00$aLibretto de i ricordi al popolo della citta et diocese di Milano dati dall'ill. card. di S. Prassede, arcivescovo per il vivere christiano. ... 264 1$aIn Milano :$bPer Gio. Battista, & Giulio Cesare fratelli Malatesta Stampatori Reg. Cam.,$c1645. 300 $a33, [3] c. ;$c12° 500 $aBianche c. C10-12 500 $aSegn.: A-Cą˛ (-Cą˛) 500 $aEmblema xilogr. dell'arcivescovado di Milano (trittico con S. Ambrogio tra i santo Gervaso e Protaso. Tales ambio defensor) sul front. 700 1 $aMalatesta, Giulio Cesare,$c.$0(OLS)http://semarc/name/81653 700 1 $aMalatesta, Giovanni Battista,$c.$0(OLS)http://semarc/name/38294 752 $aIT$dMilano 850 $aSeMil 852 $aSeMil$W1$xVenegono$y1$m3Z I 15/1 FA$j219750$B231990$CSeMilBibl$Z2$F231990 $8I 941 1 $a10 996 $6245$aLibretto de i ricordi al popolo della citta et diocese di Milano dati dall'ill. card. di S. Prassede, arcivescovo per il vivere christiano. ...$9(OLS)http://semarc/title/430041 996 $6264$aIn Milano :$bPer Gio. Battista, & Giulio Cesare fratelli Malatesta Stampatori Reg. Cam.$9(OLS)http://semarc/publisher/59106 LEADER 01542nam a2200265 i 4500 001 000000012645 003 CaOOAMICUS 005 20210820110055.0 008 180830s1859 it d u000 u ita u 040 $aSeMil$bita 100 1 $aCarena, Giacinto <1778-1859>.$0(OLS)http://semarc/name/6025 245 10$aProntuario di vocaboli attenenti a cose domestiche, e altre di uso comune :$bper saggio di un vocabolario metodico della lingua italiana /$cdi Giacinto Carena. 246 0 $iTit. sul front. del v. 2$aProntuario di vocaboli attenenti a parecchie arti e ad alcuni mestieri 250 $a4. ed. napolitana con molte aggiunte 264 1$aNapoli :$bGiuseppe Marghieri : C. Boutteaux e M. Aubry,$c1859. 300 $a2 v. ;$c19 cm. 500 $aLegati insieme i 2 vol. 650 4$aMestieri - Enciclopedie e dizionari - Ed. ante 1900.$0(OLS)http://semarc/subject/2096 650 4$aEconomia domestica - Enciclopedie e dizionari - Opere anteriori al 1900.$0(OLS)http://semarc/subject/2097 774 0 $tVocabolario domestico.$g1$w()215661 774 0 $tVocabolario d'arti e mestieri.$g2$w()215662 996 $6245$aProntuario di vocaboli attenenti a cose domestiche, e altre di uso comune :$bper saggio di un vocabolario metodico della lingua italiana$9(OLS)http://semarc/title/16834 996 $6246$aProntuario di vocaboli attenenti a parecchie arti e ad alcuni mestieri$9(OLS)http://semarc/title/16835 996 $6264$aNapoli :$bGiuseppe Marghieri : C. Boutteaux e M. Aubry$9(OLS)http://semarc/publisher/60035